000 00588nam a2200217Ia 4500
003 OSt
005 20220926044711.0
006 a|||||r|||| 00| 0
007 ta
008 220923b |||||||| |||| 00| 0 eng d
037 _cGeneral Book
040 _aRTL
_cRTL
_beng
041 _2eng
_aeng
082 _aD206(X65219), 243.N7KO,3
100 _aRaj K N
_9127886
245 0 _aSome Economic aspects of the bhakranagal project
260 _c1960
300 _a140p
_ccm.
942 _hD206(X65219), 243.N7KO,3
_cGB
_2CC
999 _c675559
_d675559